|
|
|
|
| LEADER |
00000naa2a2200000 4500 |
| 001 |
628520 |
| 005 |
20231101133521.0 |
| 035 |
|
|
|a (RuTPU)RU\TPU\conf\28769
|
| 035 |
|
|
|a RU\TPU\conf\28768
|
| 090 |
|
|
|a 628520
|
| 100 |
|
|
|a 20181129d2018 k y0rusy50 ba
|
| 101 |
0 |
|
|a eng
|
| 102 |
|
|
|a RU
|
| 105 |
|
|
|a y z 101zy
|
| 135 |
|
|
|a drcn ---uucaa
|
| 181 |
|
0 |
|a i
|
| 182 |
|
0 |
|a b
|
| 200 |
1 |
|
|a Research of mechanisms of target overheating at intense pulsed ion beam irradiation
|f A. I. Prima [et al.]
|
| 203 |
|
|
|a Текст
|c электронный
|
| 225 |
1 |
|
|a Проблемы надежности материалов
|
| 230 |
|
|
|a 1 компьютерный файл (pdf; 255 Kb)
|
| 300 |
|
|
|a Заглавие с экрана
|
| 320 |
|
|
|a [Библиогр.: с. 27 (4 назв.)]
|
| 463 |
|
1 |
|0 (RuTPU)RU\TPU\conf\28688
|t Перспективные материалы конструкционного и медицинского назначения
|o сборник трудов Международной научно-технической молодежной конференции, г. Томск, 26–30 ноября 2018 г.
|f Национальный исследовательский Томский политехнический университет, Инженерная школа новых производственных технологий ; Российский фонд фундаментальных исследований ; под ред. С. Н. Кулькова [и др.]
|v [С. 26-27]
|d 2018
|
| 610 |
1 |
|
|a труды учёных ТПУ
|
| 610 |
1 |
|
|a электронный ресурс
|
| 610 |
1 |
|
|a перегрев
|
| 610 |
1 |
|
|a импульсные пучки
|
| 610 |
1 |
|
|a ионные пучки
|
| 610 |
1 |
|
|a металлические мишени
|
| 610 |
1 |
|
|a ионно-лучевое облучение
|
| 610 |
1 |
|
|a сигналы
|
| 610 |
1 |
|
|a электрические токи
|
| 610 |
1 |
|
|a дефекты
|
| 701 |
|
1 |
|a Prima
|b A. I.
|c Specialist in the field of material science
|c Engineer of Tomsk Polytechnic University
|f 1994-
|g Artem Igorevich
|2 stltpush
|3 (RuTPU)RU\TPU\pers\42319
|
| 701 |
|
1 |
|a Ding
|b L.
|
| 701 |
|
1 |
|a Zhang
|b Q.
|
| 701 |
|
1 |
|a Zhang
|b Z. C.
|
| 712 |
0 |
2 |
|a Национальный исследовательский Томский политехнический университет
|b Инженерная школа новых производственных технологий
|b Отделение материаловедения
|h 7871
|2 stltpush
|3 (RuTPU)RU\TPU\col\23508
|
| 801 |
|
2 |
|a RU
|b 63413507
|c 20181205
|g RCR
|
| 856 |
4 |
|
|u http://earchive.tpu.ru/handle/11683/51889
|
| 942 |
|
|
|c BK
|